00442nam a22001337a 4500003000500000038001800005082000800023100001800031245010500049264003500154650003000189700003200219856005700251NUST aNusrat Nadeem a200 aMalik, Shanza aA Multidimensional Extension to CVSS for Real World Vulnerability Impact Evaluation/cShanza Malik,  aIslamabad:bSEECS NUST.c2025. aMS- Information Security  aSupervisor: Dr. Hasan Tahir uhttp://10.250.8.41:8080/xmlui/handle/123456789/57127